Faust : (Record no. 200089)

MARC details
000 -LEADER
fixed length control field 01118nam a2200325 a 4500
001 - CONTROL NUMBER
control field vtls000196508
003 - CONTROL NUMBER IDENTIFIER
control field NLI
005 - DATE AND TIME OF LATEST TRANSACTION
control field 20210602113033.0
008 - FIXED-LENGTH DATA ELEMENTS--GENERAL INFORMATION
fixed length control field 101125s1834 nyu 000 d eng
020 ## - INTERNATIONAL STANDARD BOOK NUMBER
Terms of availability USD 2.95
039 #9 - LEVEL OF BIBLIOGRAPHIC CONTROL AND CODING DETAIL [OBSOLETE]
-- 201011252324
-- VLOAD
040 0# - CATALOGING SOURCE
Original cataloging agency NLI
Language of cataloging eng
Transcribing agency VERGIS-2010
Description conventions AACR2
041 1# - LANGUAGE CODE
Language code of text/sound track or separate title eng
Language code of original ger
044 ## - COUNTRY OF PUBLISHING/PRODUCING ENTITY CODE
MARC country code nyu
082 04 - DEWEY DECIMAL CLASSIFICATION NUMBER
Classification number 832.6
100 1# - MAIN ENTRY--PERSONAL NAME
Personal name Goethe, Johann Wolfgang von,
Dates associated with a name 1749-1832
245 10 - TITLE STATEMENT
Title Faust :
Remainder of title a tragedy /
Statement of responsibility, etc. Johann Wolfgang von Goethe ; translated [from the German] by Alice Raphael
260 ## - PUBLICATION, DISTRIBUTION, ETC.
Place of publication, distribution, etc. New York :
Name of publisher, distributor, etc. Rinehart,
Date of publication, distribution, etc. 1834
300 ## - PHYSICAL DESCRIPTION
Extent 210 p. ;
Dimensions 20 cm.
500 ## - GENERAL NOTE
General note Part one
600 00 - SUBJECT ADDED ENTRY--PERSONAL NAME
Personal name Goethe, Johann Wolfgang von,
Dates associated with a name 1749-1832
Title of a work Faust
General subdivision Criticism, Textuals
9 (RLIN) 374464
650 #0 - SUBJECT ADDED ENTRY--TOPICAL TERM
Topical term or geographic name entry element German drama
General subdivision Translations into English
9 (RLIN) 372720
700 1# - ADDED ENTRY--PERSONAL NAME
Personal name Raphael, Alice,
Relationship trl
9 (RLIN) 374465
887 ## - NON-MARC INFORMATION FIELD
Content of non-MARC field
901 ## - LOCAL DATA ELEMENT A, LDA (RLIN)
a 346603
b 25.8.1962
902 ## - LOCAL DATA ELEMENT B, LDB (RLIN)
a E 832.6 G 554 fer
942 ## - ADDED ENTRY ELEMENTS (KOHA)
Source of classification or shelving scheme Dewey Decimal Classification
Koha item type Books
949 ## - LOCAL PROCESSING INFORMATION (OCLC)
-- VIRTUAITEM
-- 10000
-- 100
6 PUR000346603ENG
Holdings
Withdrawn status Lost status Damaged status Not for loan Collection code Home library Current library Shelving location Date acquired Total Checkouts Full call number Barcode Date last seen Price effective from Koha item type
        New English National Library of India National Library of India New English - Main Stack Division     E 832.6 G 554 fer PUR000346603ENG 02/06/2021 02/06/2021 Books
                                                                           
web counter

Copyright ©2020 The National Library of India, Govt. of India ↔ Hosted by NVLI, MOC ↔ Technology and Design by National Library of India, Ministry of Culture, Govt. of India